000
00248nam a22001217a 4500
082
_a
823
_b
HAN
100
_a
G, HANNAH
245
_a
CINDRELLA
260
_a
THRISSUR
_b
H&C
_c
2010
300
_a
32
650
_a
ENGLISH SHORT STORY
_z
KERALA
942
_c
BK
999
_c
3519
_d
3519